[Event "Olomouc Chess Summer 2024 - D2"]
[Site "Olomouc (CZE), Hotel Flora"]
[Date "2024.08.17"]
[Round "9"]
[Board "4"]
[White "Siebenburger, Vlastimil"]
[Black "Kisa, Lubomir"]
[Result "1/2-1/2"]
[WhiteElo "1943"]
[BlackElo "2188"]
[PlyCount "0"]
[EventDate "2024.08.10"]
[EventRounds "9"]
[EventCountry "CZE"]

1. e4 d5 2. exd5 Qxd5 3. Nc3 Qa5 4. d4 Nf6 5. Bc4 Bf5 6. Nf3 c6 7. Bb3 e6 8. h3 Ne4
9. O-O Nxc3 10. bxc3 Nd7 11. c4 Be7 12. Bd2 Qc7 13. Qe2 O-O 14. c5 Bf6 15. Rae1 Rae8
16. g4 Bg6 17. g5 Be7 18. Nh4  1/2-1/2

[Event "Olomouc Chess Summer 2024 - D2"]
[Site "Olomouc (CZE), Hotel Flora"]
[Date "2024.08.17"]
[Round "9"]
[Board "5"]
[White "Fleuren, Jan"]
[Black "Stancak, Andrej"]
[Result "1-0"]
[WhiteElo "2049"]
[BlackElo "1986"]
[PlyCount "0"]
[EventDate "2024.08.10"]
[EventRounds "9"]
[EventCountry "CZE"]

1. e4 c5 2. b3 Nc6 3. Bb2 e5 4. Bc4 Nf6 5. Nc3 Be7 6. Nge2 d6 7. d3 O-O 8. O-O Be6
9. f4 Ng4 10. Qd2 exf4 11. Nxf4 Bxc4 12. bxc4 Bf6 13. Nd1 Bxb2 14. Nxb2 Qh4 15. h3
Nge5 16. Qf2 Qxf2+ 17. Rxf2 Rab8 18. a4 Rfe8 19. Nd1 Ng6 20. Nd5 Nge7 21. N1e3 Nxd5
22. Nxd5 Ne7 23. Nc7 Red8 24. Rb1 Nc6 25. Nd5 Rd7 26. Kh2 Re8 27. g4 h6 28. Kg3 Ne5
29. h4 Rb8 30. Rf5 Re8 31. Rh5 Ng6 32. Rxh6 Re5 33. Rh5 Rxh5 34. gxh5 Ne7 35. Ne3
Kh7 36. Ng4 f5 37. Nf2 Kh6 38. Kf4 fxe4 39. Nxe4 Kxh5 40. Rg1 Kh6 41. Rg5 b6 42.
Nc3 Ng6+ 43. Kg3 Ne7 44. Nd5 Nxd5 45. Rxd5 Kg6 46. Kg4 Kf6 47. Kf4 Ke6 48. Rg5 Rf7+
49. Ke4 Re7 50. h5 Kf6+ 51. Kf4 Re5 52. Rg6+ Kf7 53. Rxd6 Rxh5 54. Rd7+ Kf6 55. Rxa7
g5+ 56. Kg3 Kf5 57. Rf7+ Ke5 58. Rd7 Rh1 59. Rd5+ Kf6 60. Rd6+ Ke5 61. Rxb6 Kd4 62.
Rc6 Ra1 63. Kg4 Rg1+ 64. Kf5 g4 65. Kf4 g3 66. Kf3 g2 67. Kf2 Rc1 68. Rd6+ Kc3 69.
Kxg2 Re1 70. Kf2 Re8 71. a5 Kxc2 72. a6 Re7 73. Kf3 Kc3 74. Kf4 Kb4 75. Rb6+ Kc3
76. Rb7 Re1 77. a7 Ra1 78. Ke4 Ra5 79. Rb5 Rxa7 80. Rxc5 Ra1 81. Rd5 Re1+ 82. Kf5
Re2 83. c5  1-0

[Event "Olomouc Chess Summer 2024 - D2"]
[Site "Olomouc (CZE), Hotel Flora"]
[Date "2024.08.17"]
[Round "9"]
[Board "6"]
[White "Kamminga, Rob"]
[Black "Keprt, Pavel"]
[Result "1/2-1/2"]
[WhiteElo "1998"]
[BlackElo "1954"]
[PlyCount "0"]
[EventDate "2024.08.10"]
[EventRounds "9"]
[EventCountry "CZE"]

1. e4 d5 2. exd5 Qxd5 3. Nc3 Qa5 4. d4 Nf6 5. Nf3 Bf5 6. Ne5 c6 7. Nc4 Qd8 8. Bg5
e6 9. g4 Bg6 10. Bg2 Be7 11. Qe2 Nd5 12. Bxe7 Nxe7 13. O-O-O Qc7 14. Ne5 Nd7 15.
h4 h5 16. g5 O-O-O 17. Ne4 Nxe5 18. dxe5 Nf5 19. f4 Rxd1+ 20. Rxd1 Rd8 21. Rxd8+
Qxd8 22. Qf2 Qb6 23. Qe1 Qd4 24. Bf3 Kd7 25. Bd1 Ne3 26. Qd2 Qxd2+ 27. Nxd2 Ng2 28.
Nf1 Nxh4 29. Ng3 Ng2 30. Bxh5 Nxf4 31. Bg4 Ke7 32. Kd2 f6 33. gxf6+ gxf6 34. exf6+
Kxf6 35. c4 Kg5 36. Bf3 Nd3 37. Be4 Nxb2 38. Bxg6 Kxg6 39. Kc3 Nd1+ 40. Kd2 Nf2 41.
Ke3 Nh3 42. Ne4 b5 43. cxb5 cxb5 44. Kd4 Nf4 45. Ke5 Nd3+ 46. Kxe6 Nb4 47. Nc3 Nxa2
48. Nxa2 a5 49. Nc3  1/2-1/2

[Event "Olomouc Chess Summer 2024 - D2"]
[Site "Olomouc (CZE), Hotel Flora"]
[Date "2024.08.17"]
[Round "9"]
[Board "7"]
[White "Tarakanov, Oleg"]
[Black "Ortoft, Kai"]
[Result "1/2-1/2"]
[WhiteElo "2108"]
[BlackElo "1968"]
[PlyCount "0"]
[EventDate "2024.08.10"]
[EventRounds "9"]
[EventCountry "CZE"]

1. e4 d6 2. d4 Nf6 3. Bd3 e5 4. c3 Be7 5. Nf3 Nbd7 6. O-O c6 7. Re1 O-O 8. Nbd2 Re8
9. a4 a5 10. h3 Qc7 11. dxe5 dxe5 12. Nc4 Bf8 13. Bg5 h6 14. Bh4 Nh5 15. Bf1 Nf4
16. Bg3 Ng6 17. Qc2 f6 18. Ne3 Nb6 19. Nd4 Qf7 20. Ndf5 Be6 21. c4 Nd7 22. Red1 Nc5
23. Nd6 Bxd6 24. Rxd6 Red8 25. Rdd1 Kh7 26. f3 Qf8 27. Bf2 Rxd1 28. Rxd1 Rd8 29.
Be1 b6 30. b4 axb4 31. Bxb4 Rxd1 32. Qxd1 Qb8 33. a5 Na6 34. Bd6 Qa7 35. c5 bxa5
36. Qc2 Nb8 37. Qa4 Nf4  1/2-1/2

[Event "Olomouc Chess Summer 2024 - D2"]
[Site "Olomouc (CZE), Hotel Flora"]
[Date "2024.08.17"]
[Round "9"]
[Board "8"]
[White "Kubicek, Antonin"]
[Black "Svub, Jan"]
[Result "1-0"]
[WhiteElo "2084"]
[BlackElo "1882"]
[PlyCount "0"]
[EventDate "2024.08.10"]
[EventRounds "9"]
[EventCountry "CZE"]

1. Nf3 d5 2. b3 Bf5 3. Bb2 e6 4. g3 h6 5. Bg2 Nf6 6. c4 Be7 7. O-O O-O 8. d3 c6 9.
Nbd2 Nbd7 10. a3 Qc7 11. b4 a5 12. Qb3 axb4 13. axb4 Bd6 14. Rfc1 Rfc8 15. cxd5 exd5
16. Nd4 Rxa1 17. Bxa1 Bg6 18. Nb5 Qb8 19. Nxd6 Qxd6 20. Nf3 Re8 21. Kf1 Qe7 22. Qb2
Nf8 23. Qd2 Bf5 24. Bd4 N6d7 25. Bb2 Ne6 26. Ra1 Qd6 27. Nd4 Nxd4 28. Bxd4 Nf8 29.
Ra7 Bg4 30. e3 Bc8 31. Bc5 Qb8 32. Ra1 Ne6 33. Bb6 Qd6 34. Qc3 Nf8 35. Bc5 Qd8 36.
Bxf8 Rxf8 37. b5 Bd7 38. Qd4 Be6 39. Qc5 Qd7 40. bxc6 Qxc6 41. Qd4 Rc8 42. h4 Qc3
43. Qxc3 Rxc3 44. d4 Rb3 45. Bf3 g6 46. Ra5 b5 47. Ra8+ Kg7 48. Rd8 Rb1+ 49. Kg2
b4 50. Bxd5 b3 51. Bxe6 fxe6 52. Rb8 Kf6 53. Kf3 Ke7 54. Ke4 Kd6 55. Kd3 Rf1 56.
Ke2 Rb1 57. e4 Kc7 58. Rb4 Kd6 59. Kd3 Rf1 60. Rxb3 Rxf2 61. Rb6+ Kd7 62. Ke3 Rg2
63. Kf4 Rd2 64. Ke5 Rg2 65. Rb7+ Kc6 66. Rb3 Re2 67. Rf3 Kd7 68. Rf6  1-0

[Event "Olomouc Chess Summer 2024 - D2"]
[Site "Olomouc (CZE), Hotel Flora"]
[Date "2024.08.17"]
[Round "9"]
[Board "9"]
[White "Lorenc, Oldrich"]
[Black "Jenssen, Ove S"]
[Result "1/2-1/2"]
[WhiteElo "2013"]
[BlackElo "1857"]
[PlyCount "0"]
[EventDate "2024.08.10"]
[EventRounds "9"]
[EventCountry "CZE"]

1. Nf3 Nf6 2. c4 c6 3. b3 e6 4. Bb2 d5 5. g3 Be7 6. Bg2 O-O 7. O-O a5 8. d3 Na6 9.
Nbd2 a4 10. a3 axb3 11. Qxb3 Nc5 12. Qc2 Na4 13. Bc1 Bd7 14. d4 c5 15. cxd5 exd5
16. dxc5 Bxc5 17. Nb3 b6 18. Ne5 Rc8 19. Qd3 Re8 20. Nxd7 Qxd7 21. e3 Be7 22. Bd2
Nc5 23. Nxc5 bxc5 24. Bc3 c4 25. Qc2 Qe6 26. a4 Ra8 27. a5 Ra6 28. Ra4 Rea8 29. Rd1
Rd8 30. Qb2 Qc6 31. Ra2 Ne8 32. Qd2 Nc7 33. Be5 Bf6 34. Bxc7 Qxc7 35. Bxd5 c3 36.
Qc2 Rxa5 37. Rxa5 Qxa5 38. e4 Rb8 39. Bb3 g6 40. Kg2  1/2-1/2

[Event "Olomouc Chess Summer 2024 - D2"]
[Site "Olomouc (CZE), Hotel Flora"]
[Date "2024.08.17"]
[Round "9"]
[Board "10"]
[White "Mlynek, Petr"]
[Black "Bjornes, Leif"]
[Result "1/2-1/2"]
[WhiteElo "1979"]
[BlackElo "1909"]
[PlyCount "0"]
[EventDate "2024.08.10"]
[EventRounds "9"]
[EventCountry "CZE"]

1. Nf3 d5 2. c4 c6 3. b3 Nf6 4. Bb2 Bf5 5. g3 e6 6. Bg2 Nbd7 7. O-O Be7 8. d3 h6
9. Nbd2 O-O 10. Qe1 a5 11. e4 Bh7 12. cxd5 cxd5 13. e5 Bxd3 14. exf6 Bxf6 15. Ne5
Bxe5 16. Bxe5 Nxe5 17. Qxe5 Bxf1 18. Bxf1 Rc8 19. Bd3 Qc7 20. Nf3 Qxe5 21. Nxe5 Rc3
22. Rd1 Rfc8 23. Kf1 Kf8 24. Ke2 Ke7 25. f4 f6 26. Nf3 Rc1 27. h4 Rxd1 28. Kxd1 Kd6
29. Nd4 Rg8 30. Bh7 Rc8 31. Bd3 Rg8 32. Bh7 Rc8  1/2-1/2

[Event "Olomouc Chess Summer 2024 - D2"]
[Site "Olomouc (CZE), Hotel Flora"]
[Date "2024.08.17"]
[Round "9"]
[Board "11"]
[White "Musil, Vitezslav"]
[Black "Marek, Jiri"]
[Result "1/2-1/2"]
[WhiteElo "1904"]
[BlackElo "1948"]
[PlyCount "0"]
[EventDate "2024.08.10"]
[EventRounds "9"]
[EventCountry "CZE"]

1. e4 c6 2. Nc3 d5 3. Nf3 Bg4 4. h3 Bh5 5. Be2 e6 6. O-O Nd7 7. b3 Bg6 8. d3 Qc7
9. Nh4 Be7 10. Nxg6 hxg6 11. exd5 cxd5 12. Nb5 Qb6 13. c4 a6 14. Be3 Qc6 15. Nd4
Qd6 16. Nf3 Bf6 17. Rc1 d4 18. Bd2 Ne7 19. b4 Rc8 20. a3 Nf5 21. c5 Qc7 22. Rc4 e5
23. Re1 O-O 24. Bf1  1/2-1/2

[Event "Olomouc Chess Summer 2024 - D2"]
[Site "Olomouc (CZE), Hotel Flora"]
[Date "2024.08.17"]
[Round "9"]
[Board "12"]
[White "Papay, Jindrich"]
[Black "Brousek, Jiri"]
[Result "1/2-1/2"]
[WhiteElo "1941"]
[BlackElo "1822"]
[PlyCount "0"]
[EventDate "2024.08.10"]
[EventRounds "9"]
[EventCountry "CZE"]

1. f4 e6 2. Nf3 d5 3. g3 Nf6 4. Bg2 Be7 5. O-O O-O 6. c3 c5 7. d3 Nc6 8. Qc2 Qc7
9. e4 dxe4 10. dxe4 b6 11. e5 Nd7 12. Nbd2 Ba6 13. Re1 Rad8 14. Ne4 h6 15. Nf2 b5
16. g4 c4 17. Be3 Nc5 18. Nd4 Nxd4 19. cxd4 Na4 20. Rad1 Nb6 21. f5 Bb7 22. Ne4 Bxe4
23. Bxe4 Nd5 24. Bd2 Bg5 25. Bxd5 Rxd5 26. Bxg5 hxg5 27. Rf1 Rfd8 28. fxe6 fxe6 29.
Qg6 Qe7 30. h3 Rxd4 31. Rde1 Rd2 32. Re3 Rd1 33. Ref3 Rxf1+ 34. Kxf1 Rf8 35. Rxf8+
Qxf8+ 36. Ke2 Qe7 37. Qe4 Qd7 38. Qe3 Qd5 39. Kf2 a5 40. Qxg5 Qd4+ 41. Kf3 b4 42.
Qe3 Qxb2 43. Qc5 Qc3+ 44. Kg2 Qd2+ 45. Kg3 Qd5 46. Qc7 c3 47. Kh4 Qxa2 48. Qd8+ Kh7
49. Qd3+ Kg8  1/2-1/2

[Event "Olomouc Chess Summer 2024 - D2"]
[Site "Olomouc (CZE), Hotel Flora"]
[Date "2024.08.17"]
[Round "9"]
[Board "13"]
[White "Dvorak, Vladimir"]
[Black "Chubar, Vladimir"]
[Result "1/2-1/2"]
[WhiteElo "1931"]
[BlackElo "1877"]
[PlyCount "0"]
[EventDate "2024.08.10"]
[EventRounds "9"]
[EventCountry "CZE"]

1. e4 g6 2. d4 e6 3. Nc3 Ne7 4. Nf3 Bg7 5. Bd3 a6 6. O-O b5 7. Ne2 Bb7 8. Ng3 d6
9. c3 Nd7 10. Be3 h5 11. h4 Nf6 12. Ng5 Ng4 13. Bd2 c5 14. f3 Nh6 15. Be3 Qc7 16.
Qd2 d5 17. Qf2 c4 18. Bc2 O-O 19. e5 a5 20. Qd2 Nhf5 21. Nxf5 gxf5 22. f4 Bh6 23.
Qe2 Bxg5 24. Qxh5 Bxh4 25. Qxh4 Ng6 26. Qh6 Qe7 27. g3 Rfb8 28. Kf2 Qf8 29. Qh5 Qg7
30. Rh1 Bc8 31. g4 b4 32. gxf5 exf5 33. cxb4 Rxb4 34. b3 Rbb8 35. Bd2 Be6 36. Qg5
cxb3 37. axb3 a4 38. b4 a3 39. Rh3 a2 40. Bxf5 Bxf5 41. Qxf5 Re8 42. Qd3 f5 43. Qxf5
Rf8 44. Qe6+ Qf7 45. Qxf7+ Rxf7 46. Rg3 Rg7 47. Rg4 Ne7 48. Rxg7+ Kxg7 49. Kf3 Nf5
50. Kg4 Nxd4 51. Bc3 Nb3 52. Rd1 d4 53. Bb2 a1=Q 54. Bxa1 Rxa1 55. Rd3 Rb1 56. Kf5
Kf7 57. Ke4 Re1+ 58. Kd5 Re3 59. Kc4 Rxd3 60. Kxd3 Ke6 61. Kc4 Nc1 62. Kxd4 Ne2+
63. Ke4 Nc3+ 64. Kd4 Ne2+ 65. Ke3 Nc3 66. Kd3 Nd5 67. Ke4 Nxb4 68. f5+ Ke7 69. Kd4
Nc6+ 70. Kd5 Nb4+ 71. Ke4 Nc6 72. Kf4 Nd4 73. Kg4 Nc6 74. Kf4 Nd4  1/2-1/2

[Event "Olomouc Chess Summer 2024 - D2"]
[Site "Olomouc (CZE), Hotel Flora"]
[Date "2024.08.17"]
[Round "9"]
[Board "14"]
[White "Bartos, Alois"]
[Black "Postolati, Alexander"]
[Result "1/2-1/2"]
[WhiteElo "1931"]
[BlackElo "1855"]
[PlyCount "0"]
[EventDate "2024.08.10"]
[EventRounds "9"]
[EventCountry "CZE"]

1. e4 c5 2. Nf3 e6 3. d4 cxd4 4. Nxd4 a6 5. Nc3 Qc7 6. Be2 Nf6 7. O-O Nc6 8. Be3
b5 9. Nxc6 dxc6 10. Bf3 e5 11. Qe2 Be7 12. Rfd1 Be6 13. a3 h6  1/2-1/2

[Event "Olomouc Chess Summer 2024 - D2"]
[Site "Olomouc (CZE), Hotel Flora"]
[Date "2024.08.17"]
[Round "9"]
[Board "15"]
[White "Kruska, Vladimir"]
[Black "Franc, Lubor"]
[Result "1/2-1/2"]
[WhiteElo "1893"]
[BlackElo "1838"]
[PlyCount "0"]
[EventDate "2024.08.10"]
[EventRounds "9"]
[EventCountry "CZE"]

1. c4 Nf6 2. Nc3 g6 3. e4 d6 4. g3 Bg7 5. Bg2 O-O 6. Nge2 Be6 7. d3 c5 8. O-O Qc8
9. Nf4 Bg4 10. f3 Bd7 11. Be3 e5 12. Nfd5 Nxd5 13. Nxd5 Nc6  1/2-1/2

[Event "Olomouc Chess Summer 2024 - D2"]
[Site "Olomouc (CZE), Hotel Flora"]
[Date "2024.08.17"]
[Round "9"]
[Board "16"]
[White "Tryhuba, Jaroslav"]
[Black "Hruska, Vladimir"]
[Result "1/2-1/2"]
[WhiteElo "1867"]
[BlackElo "1892"]
[PlyCount "0"]
[EventDate "2024.08.10"]
[EventRounds "9"]
[EventCountry "CZE"]

1. d4 Nf6 2. c4 e6 3. Nc3 Bb4 4. Bd2 O-O 5. Nf3 b6 6. g3 Bb7 7. Bg2 d6 8. O-O c5
9. dxc5 dxc5 10. a3 Bxc3 11. Bxc3 Qxd1 12. Rfxd1 Nbd7 13. Rd2 Rac8 14. Rad1 Nb8 15.
Be5 Nc6 16. Bxf6 gxf6  1/2-1/2

[Event "Olomouc Chess Summer 2024 - D2"]
[Site "Olomouc (CZE), Hotel Flora"]
[Date "2024.08.17"]
[Round "9"]
[Board "18"]
[White "Tejkal, Jiri"]
[Black "Macoun, Jiri"]
[Result "1/2-1/2"]
[WhiteElo "1882"]
[BlackElo "1709"]
[PlyCount "0"]
[EventDate "2024.08.10"]
[EventRounds "9"]
[EventCountry "CZE"]

1. c4 e5 2. Nc3 Nf6 3. g3 Bb4 4. Bg2 Bxc3 5. dxc3 h6 6. Nf3 d6 7. O-O O-O 8. h3 Re8
9. Qc2 c6 10. Rd1 Qe7 11. b3 Be6 12. Ba3 c5 13. Bc1 Nc6 14. Nh4 Qd7 15. Kh2 Rad8
16. e4 Ne7 17. Be3 b6 18. Nf3 Qb7 19. Ng1 Bd7 20. Ne2 Be6 21. Rd2  1/2-1/2

[Event "Olomouc Chess Summer 2024 - D2"]
[Site "Olomouc (CZE), Hotel Flora"]
[Date "2024.08.17"]
[Round "9"]
[Board "19"]
[White "Kulhavy, Frantisek"]
[Black "Lexa, Vaclav"]
[Result "1/2-1/2"]
[WhiteElo "1889"]
[BlackElo "1844"]
[PlyCount "0"]
[EventDate "2024.08.10"]
[EventRounds "9"]
[EventCountry "CZE"]

1. e4 c5 2. Nf3 d6 3. d4 cxd4 4. Nxd4 Nf6 5. Nc3 a6 6. h3 e5 7. Nb3 Be6 8. Be3 Be7
9. Be2 Qc7 10. O-O O-O 11. f4 Nbd7 12. Nd2 d5 13. exd5 Nxd5 14. Nxd5 Bxd5 15. Kh1
Rad8 16. c4 Bc6 17. Qb3 Bc5 18. Rad1 Bxe3 19. Qxe3 exf4 20. Qxf4 Qxf4 21. Rxf4 Nf6
22. Nb3  1/2-1/2

[Event "Olomouc Chess Summer 2024 - D2"]
[Site "Olomouc (CZE), Hotel Flora"]
[Date "2024.08.17"]
[Round "9"]
[Board "20"]
[White "Rychtecky, Pavel"]
[Black "Voegerl, Ronald"]
[Result "0-1"]
[WhiteElo "1735"]
[BlackElo "1948"]
[PlyCount "0"]
[EventDate "2024.08.10"]
[EventRounds "9"]
[EventCountry "CZE"]

1. c4 e5 2. Nc3 Nf6 3. g3 d5 4. cxd5 Nxd5 5. Bg2 Nb6 6. Nf3 Nc6 7. O-O Be7 8. d3
O-O 9. a3 Be6 10. b4 f6 11. Bb2 Qd7 12. Qc2 Rad8 13. Ne4 Nd4 14. Bxd4 exd4 15. Ned2
Kh8 16. Nb3 Bxb3 17. Qxb3 Rfe8 18. Rfe1 Bf8 19. Nd2 Nd5 20. Rac1 Nc3 21. Ne4 Nxe4
22. Bxe4 c6 23. Kg2 Re5 24. Bf3 g5 25. h3 f5 26. Rh1 Qe8 27. Qb2 Bg7 28. Rc4 h5 29.
Rxd4 Red5 30. Bxd5 Rxd5 31. e3 f4 32. Qd2 Bxd4 33. exd4 Rxd4 34. Re1 Qf7 35. Qc3
f3+ 36. Kf1 Qg7 37. Re8+  0-1

[Event "Olomouc Chess Summer 2024 - D2"]
[Site "Olomouc (CZE), Hotel Flora"]
[Date "2024.08.17"]
[Round "9"]
[Board "21"]
[White "Tylecek, Drahomir"]
[Black "Vlcek, Antonin"]
[Result "1-0"]
[WhiteElo "1881"]
[BlackElo "1690"]
[PlyCount "0"]
[EventDate "2024.08.10"]
[EventRounds "9"]
[EventCountry "CZE"]

1. e4 c5 2. Nf3 d6 3. d4 cxd4 4. Nxd4 Nf6 5. Nc3 a6 6. Bg5 e6 7. f4 Be7 8. Qf3 Nc6
9. O-O-O Qa5 10. g4 Bd7 11. Bg2 Rc8 12. Nb3 Qc7 13. Kb1 b5 14. Rhe1 b4 15. Ne2 e5
16. Bxf6 Bxf6 17. f5 a5 18. Qg3 h6 19. h4 a4 20. Na1 Na5 21. g5 Be7 22. gxh6 Rxh6
23. Qxg7 Bf8 24. Qg5 Nc4 25. Ng3 Qb6 26. Nh5 Rxh5 27. Qxh5 Ne3 28. Qe2 Bb5 29. Qxe3
 1-0